01298nam a2200241 k 4500001001300000005001500013008004100028020003300069040001900102049001700121056001400138090002100152100001400173245037100187250001400558260003100572300003200603653005000635700001400685740029200699940005400991950001101045KMO20260042420260331090558260328s2026 ulkad 000 kor a9791194383796g93000c\24000 a146043c1460430 lMEM000012001 a004.7326 a004.73b오99ㅈ1 a오힘찬20a(이게 되네?) 제미나이 완전 미친 활용법 81제b나노바나나, 노트북LM, 오팔, Veo, Flow까지, 진짜 실무에서 쓰는 Gemini 최강 활용법! 할 일, 조직 관리, 협업, AI 메모, AI 회의, 챗봇, AI 자동화 앱, 이미지 생성, 영상 제작까지 일잘러 오대리의 인공지능 퍼펙트 활용 노하우d오힘찬 지음 a개정판 a서울b골든래빗c2026 a340p.b삽화, 도표c26cm a제미나이a활용법a예제a인공지능1 a오힘찬02a나노바나나, 노트북LM, 오팔, Veo, Flow까지, 진짜 실무에서 쓰는 Gemini 최강 활용법! 할 일, 조직 관리, 협업, AI 메모, AI 회의, 챗봇, AI 자동화 앱, 이미지 생성, 영상 제작까지 일잘러 오대리의 인공지능 퍼펙트 활용 노하우0 a제미나이 완전 미친 활용법 팔십일제0 b\24000 |
|---|